|
|
|
|
| LEADER |
01610cas a2200241 a 4500 |
| 001 |
AALejournalIMF009178 |
| 008 |
230101c9999 xx r poo 0 0eng d |
| 020 |
|
|
|c 5.00 USD
|
| 020 |
|
|
|z 9781451840407
|
| 022 |
|
|
|a 1934-7685
|
| 040 |
|
|
|a BD-DhAAL
|c BD-DhAAL
|
| 110 |
2 |
|
|a International Monetary Fund.
|
| 245 |
1 |
0 |
|a Vietnam :
|b Statistical Appendix.
|
| 264 |
|
1 |
|a Washington, D.C. :
|b International Monetary Fund,
|c 2006.
|
| 300 |
|
|
|a 1 online resource (51 pages)
|
| 490 |
1 |
|
|a IMF Staff Country Reports
|
| 500 |
|
|
|a <strong>Off-Campus Access:</strong> No User ID or Password Required
|
| 500 |
|
|
|a <strong>On-Campus Access:</strong> No User ID or Password Required
|
| 506 |
|
|
|a Electronic access restricted to authorized BRAC University faculty, staff and students
|
| 520 |
3 |
|
|a In this study, the following are listed in detail: gross domestic product by expenditure and by sector and ownership at current prices and at constant prices, consumer price inflation, gross value of agricultural production at constant prices, production of food staples, industrial crop production by sector ownership at constant prices, population and employment, summary of general government budgetary, revenues and expenditures, monetary survey, distribution of credit, balance of payments, merchandise export and import by commodity, summary of normal tariff schedule, and tax system.
|
| 538 |
|
|
|a Mode of access: Internet
|
| 830 |
|
0 |
|a IMF Staff Country Reports; Country Report ;
|v No. 2006/423
|
| 856 |
4 |
0 |
|z Full text available on IMF
|u http://elibrary.imf.org/view/journals/002/2006/423/002.2006.issue-423-en.xml
|z IMF e-Library
|